| 000 | 00544nam a2200169 4500 | ||
|---|---|---|---|
| 001 | 117963 | ||
| 003 | ES-MaACL | ||
| 005 | 20230906191014.0 | ||
| 007 | t| | ||
| 008 | 070214s1971 sp r ||||1| spa d | ||
| 100 | 1 |
_aPeretti, André de. _990535 |
|
| 245 | 1 | 0 |
_aLibertad y relaciones humanas _b: o la inspiración no directiva / _cAndré de Peretti ; traducción de Carlos de la Sierra. |
| 260 |
_aMadrid : _bMarova, _c1971. |
||
| 300 |
_a228 p. ; _c21 cm. |
||
| 700 | 1 |
_aSierra, Carlos de la. _9106244 |
|
| 852 |
_aES-MaACL _jC-39600 _bR.76855 |
||
| 999 |
_c117963 _d117963 |
||